Walter Benjamin y José Carlos Mariátegui: dos marxistas disidentes de la ideología del progreso /
Guardado en:
| Hovedforfatter: | |
|---|---|
| Format: | Bog |
| Sprog: | Spanish |
| Tags: |
Tilføj Tag
Ingen Tags, Vær først til at tagge denne postø!
|
MARC
| LEADER | 00000nam a22000007a 4500 | ||
|---|---|---|---|
| 003 | cru CIDCACS/IIS | ||
| 005 | 20200207094238.0 | ||
| 007 | ta | ||
| 008 | 200205s2019 cu |||p|r|||| 00| 0 spa d | ||
| 999 | |c 42928 |d 42928 | ||
| 040 | |c cru CIDCACS/IIS | ||
| 100 | 1 | |a Löwy, Michael |9 9047 | |
| 245 | 1 | |a Walter Benjamin y José Carlos Mariátegui: |b dos marxistas disidentes de la ideología del progreso / |c Michael Löwy | |
| 300 | |a páginas 38-47 | ||
| 773 | 0 | |0 19037 |9 4345 |a Casa de las Américas |d Cuba Casa de las Américas |o 19110 |t Casa de las Américas / | |
| 942 | |2 ddc |c PP | ||
